000 01312cam a22003374a 4500
005 20161104123308.0
008 140718s2000 xxua frb 001 0 eng
020 _a1558605770
020 _a9781558605145
020 _z9780123744012
020 _a9780123850591 (5a.Ed.)
040 _aCO-BoUCM
_cSaul Niño (Modificó)
_dJose A. Gerena
_bspa
041 0 _aeng
100 1 _aPeterson, Larry L.
_963183
245 1 0 _aComputer networks
_ba systems approach
_cLarry L. Peterson & Bruce S. Davie
250 _aQuinta edición
260 _aÁmsterdam (Holanda)
_bMorgan Kaufmann publishers
_c2012
300 _axxx1, 884 páginas
_bilustraciones
490 0 _aMorgan Kaufmann series in networking
504 _aIncluye referencias bibliográficas e índices
546 _aTexto en inglés
650 7 _aRedes de computadores
_923242
650 7 _aAdministración de redes de computadores
_98573
650 7 _aProtocolos de redes de computadores
_922685
650 7 _aTecnología de la información
_925136
690 _aInformática
_917593
700 1 _aDavie, Bruce S.
_963184
856 4 1 _uhttp://www.loc.gov/catdir/toc/els033/99036400.html
_zConsulte las tablas de contenido haciendo clic aquí
942 _2DEWEY
_a1
_cLIBRORESER
_e1
_h004.65
_mP485
999 _c273739
_d273739